Countries with the Highest Rates of Suicide - Statistics

General Stats
  • This quiz has been taken 93 times
  • The average score is 9 of 22
Answer Stats
# Rate Answer % Correct
11 21.6 Russia
88%
12 21.2 South Korea
83%
19 17.7 Ukraine
71%
22 16.5 Belarus
65%
15 20.2 Lithuania
59%
8 23.5 South Africa
56%
18 18.0 Mongolia
48%
17 18.1 Kazakhstan
46%
1 87.5 Lesotho
40%
3 40.5 Eswatini
34%
9 23.2 Mozambique
33%
7 23.6 Zimbabwe
30%
14 20.2 Botswana
28%
2 40.9 Guyana
27%
6 25.9 Suriname
26%
10 23.0 Central African Republic
24%
4 30.6 Kiribati
18%
16 18.8 Uruguay
17%
21 17.3 Eritrea
16%
5 29.0 F.S. Micronesia
16%
20 17.4 Solomon Islands
16%
13 21.0 Vanuatu
16%
No matching quizzes found
Score Distribution
Percent of People with Each Score
Percentile by Number Answered
Your Score History
You have not taken this quiz